<?xml version="1.0" encoding="UTF-8"?>
<record
    xmlns:xsi="http://www.w3.org/2001/XMLSchema-instance"
    xsi:schemaLocation="http://www.loc.gov/MARC21/slim http://www.loc.gov/standards/marcxml/schema/MARC21slim.xsd"
    xmlns="http://www.loc.gov/MARC21/slim">

  <leader>01240nam a22001337a 4500</leader>
  <datafield tag="999" ind1=" " ind2=" ">
    <subfield code="c">533195</subfield>
    <subfield code="d">533195</subfield>
  </datafield>
  <controlfield tag="008">260429b           ||||| |||| 00| 0 eng d</controlfield>
  <datafield tag="100" ind1=" " ind2=" ">
    <subfield code="a">Tiwari, Rambooshan and  Dixit, Shubham Narayan</subfield>
    <subfield code="9">60312</subfield>
  </datafield>
  <datafield tag="245" ind1=" " ind2=" ">
    <subfield code="a">Limitations of the NCRB crime data in the context of Jabalpur city</subfield>
  </datafield>
  <datafield tag="260" ind1=" " ind2=" ">
    <subfield code="a">Economic &amp; Political Weekly  </subfield>
  </datafield>
  <datafield tag="300" ind1=" " ind2=" ">
    <subfield code="a">61(11), Mar 14, 2026: p.18-21</subfield>
  </datafield>
  <datafield tag="520" ind1=" " ind2=" ">
    <subfield code="a">The National Crime Records Bureau&#x2019;s annual report, &#x201C;Crime in India,&#x201D; includes crime data for states, districts, and metropolitan cities. The official crime data of metropolitan cities in India often overlook the complexities associated with the jurisdiction of police administration and urban local bodies, as well as their impact on the crime rate. For many cities, such as Jabalpur, the crime rates are often inaccurate due to jurisdiction-related issues, which may lead to over-counting of crime incidents and undercounting of crime rates. Crime researchers mostly ignore these discrepancies when quoting NCRB data to study urban crime and comparative analysis of crimes in cities. &#x2013;Reproduced 

https://www.epw.in/journal/commentary/limitations-ncrb-crime-data-context-jabalpur-city.html
</subfield>
  </datafield>
  <datafield tag="773" ind1=" " ind2=" ">
    <subfield code="a">Economic &amp; Political Weekly  </subfield>
  </datafield>
  <datafield tag="942" ind1=" " ind2=" ">
    <subfield code="c">AR</subfield>
  </datafield>
  <datafield tag="952" ind1=" " ind2=" ">
    <subfield code="0">0</subfield>
    <subfield code="1">0</subfield>
    <subfield code="2">ddc</subfield>
    <subfield code="4">0</subfield>
    <subfield code="7">0</subfield>
    <subfield code="9">408366</subfield>
    <subfield code="a">IIPA</subfield>
    <subfield code="b">IIPA</subfield>
    <subfield code="d">2026-04-29</subfield>
    <subfield code="h">61(11), Mar 14, 2026: p.18-21</subfield>
    <subfield code="p">AR138707</subfield>
    <subfield code="r">2026-04-29</subfield>
    <subfield code="y">AR</subfield>
  </datafield>
</record>
